Catholic University of Zimbabwe Library
Online Public Access Catalogue
(OPAC)

Studies in symbolic interaction. (Record no. 31146)

MARC details
000 -LEADER
fixed length control field 02840nam a2200409Ia 4500
001 - CONTROL NUMBER
control field bslw08887465
003 - CONTROL NUMBER IDENTIFIER
control field UtOrBLW
005 - DATE AND TIME OF LATEST TRANSACTION
control field 20210303085209.0
006 - FIXED-LENGTH DATA ELEMENTS--ADDITIONAL MATERIAL CHARACTERISTICS
fixed length control field m d
007 - PHYSICAL DESCRIPTION FIXED FIELD--GENERAL INFORMATION
fixed length control field cr un|||||||||
008 - FIXED-LENGTH DATA ELEMENTS--GENERAL INFORMATION
fixed length control field 121026s2012 enk o 000 0 eng d
020 ## - INTERNATIONAL STANDARD BOOK NUMBER
International Standard Book Number 9781781900574 (electronic bk.) :
Terms of availability £62.95 ; €89.95 ; $114.95
040 ## - CATALOGING SOURCE
Original cataloging agency UtOrBLW
Transcribing agency UtOrBLW
050 #4 - LIBRARY OF CONGRESS CALL NUMBER
Classification number HM499
Item number .S78 2012
072 #7 - SUBJECT CATEGORY CODE
Subject category code J
Source bicssc
072 #7 - SUBJECT CATEGORY CODE
Subject category code JFFP
Source bicssc
072 #7 - SUBJECT CATEGORY CODE
Subject category code SOC026000
Source bisacsh
072 #7 - SUBJECT CATEGORY CODE
Subject category code SOC000000
Source bisacsh
080 ## - UNIVERSAL DECIMAL CLASSIFICATION NUMBER
Universal Decimal Classification number 316
082 04 - DEWEY DECIMAL CLASSIFICATION NUMBER
Classification number 302
Edition number 23
245 00 - TITLE STATEMENT
Title Studies in symbolic interaction.
Number of part/section of a work Vol. 39
Medium [electronic resource] /
Statement of responsibility, etc. edited by Norman K. Denzin.
260 ## - PUBLICATION, DISTRIBUTION, ETC.
Place of publication, distribution, etc. Bingley, U.K. :
Name of publisher, distributor, etc. Emerald,
Date of publication, distribution, etc. 2012.
300 ## - PHYSICAL DESCRIPTION
Extent 1 online resource (viii, 284 p.)
490 1# - SERIES STATEMENT
Series statement Studies in symbolic interaction,
International Standard Serial Number 0163-2396
505 0# - FORMATTED CONTENTS NOTE
Formatted contents note The mesodomain of welfare reform : renegotiating the order of economic inequality / Mark A. Covaleski, Mark W. Dirsmith, Jane Weiss -- Milkshakes and convertibles : an autobiographical reflection / Sara Delamont -- The superiority delusion and critical consciousness : the paradox of role-taking refusal in the microfoundation of dehumanization and resistance / Gil Richard Musolf -- Collective identity narratives : historical and emergent stories of selfhood in a deindustrializing community / Lawrence T. Nichols, Jason Rine -- Never mind the scholar, here's the old punk : identity, community, and the aging music fan / Andrew F. Herrmann -- Compliance dramas in Alcoholic Anonymous films : an interactionist reading of The days of wine and roses / Michael A. Katovich -- Interactions and the drama of engagement / Robert S. Perinbanayagam, E. Doyle McCarthy -- Imagining imagination / John M. Johnson ... [et al.] -- Intimate deception in everyday life / Susie Scott.
520 ## - SUMMARY, ETC.
Summary, etc. Part I, "Theoretical Openings," of Volume 39 of Studies in Symbolic Interaction contains outstanding contributions by leading interactionists on welfare reform, history, biography and memory. The three chapters in Part II, "Studies in Social Construction," interrogate the complexities of social interaction, interpersonal and professional identity, and the cinematic representation of alcoholism. Part III takes up important interpretive interventions on the topics of imagination and intimate deception in everyday life.
588 0# - SOURCE OF DESCRIPTION NOTE
Source of description note Print version record
650 #7 - SUBJECT ADDED ENTRY--TOPICAL TERM
Topical term or geographic name entry element Social Science
General subdivision Sociology
-- General.
Source of heading or term bisacsh
650 #7 - SUBJECT ADDED ENTRY--TOPICAL TERM
Topical term or geographic name entry element Social Science
General subdivision General.
Source of heading or term bisacsh
650 #7 - SUBJECT ADDED ENTRY--TOPICAL TERM
Topical term or geographic name entry element Society & social sciences.
Source of heading or term bicssc
650 #7 - SUBJECT ADDED ENTRY--TOPICAL TERM
Topical term or geographic name entry element Social interaction.
Source of heading or term bicssc
650 #0 - SUBJECT ADDED ENTRY--TOPICAL TERM
Topical term or geographic name entry element Symbolic interactionism.
700 1# - ADDED ENTRY--PERSONAL NAME
Personal name Denzin, Norman K.
776 1# - ADDITIONAL PHYSICAL FORM ENTRY
International Standard Book Number 9781781900567
830 #0 - SERIES ADDED ENTRY--UNIFORM TITLE
Uniform title Studies in symbolic interaction.
856 40 - ELECTRONIC LOCATION AND ACCESS
Uniform Resource Identifier <a href="https://www.emerald.com/insight/publication/doi/10.1108/S0163-2396(2012)39">https://www.emerald.com/insight/publication/doi/10.1108/S0163-2396(2012)39</a>
Holdings
Withdrawn status Lost status Source of classification or shelving scheme Damaged status Not for loan Home library Current library Shelving location Date acquired Total Checkouts Full call number Date last seen Uniform Resource Identifier Price effective from Koha item type
          Digital Library Digital Library Online Access 03.03.2021   HM499 .S78 2012 03.03.2021 https://www.emerald.com/insight/publication/doi/10.1108/S0163-2396(2012)39 03.03.2021 eBook

OPENING HOURS

Weekdays: 0815hrs - 1800hrs
Weekends:0900hrs - 1200hrs

Closed for Mass:

Mon, Thur: 1200hrs - 1300hrs
Sunday & Public Holiday’s

CALL SUPPORT

0242-570570, 0242-570169
09200664, +263 8644140602

LOCATION

18443, Cranborne Avenue, Hatfield, Harare

Other Links


©2021 | CUZ Library